| 000 | 00465nam a2200193Ia 4500 | ||
|---|---|---|---|
| 005 | 20240823025532.0 | ||
| 008 | 240823s9999||||xx |||||||||||||| ||und|| | ||
| 020 | _a9789-81-318-0446-9 | ||
| 041 | _aENGLISH | ||
| 082 | _A621.31042 Q0 | ||
| 100 | _aRajput R K | ||
| 245 | 0 | _aElectrical Machines | |
| 250 | _a5th | ||
| 260 |
_c2010 _b"Laxmi,New Delhi" |
||
| 500 | _aTRANSFERED | ||
| 650 |
_aElectrical machine _bElectrical |
||
| 942 | _cBK | ||
| 999 |
_c186552 _d186552 |
||